Advanced methods of machining /

Saved in:
Bibliographic Details
Main Author: McGeough, J. A.
Format: Book
Language:English
Published: London ; New York : Chapman and Hall, 1988.
Subjects:
LEADER 00904cam a2200253 a 4500
001 c000292003
003 CARM
005 20090513161752.0
008 880311s1988 enka b 001 0 eng d
019 1 |a 5820653  |5 LACONCORD2021 
020 |a 0412319705 
035 |a (OCoLC)17764568  |5 LACONCORD2021 
040 |a LC  |b eng  |c LC  |d LC  |d VCAV 
050 0 0 |a TJ1185  |b .M375 1988 
082 0 4 |a 671.35  |2 19 
100 1 |a McGeough, J. A. 
245 1 0 |a Advanced methods of machining /  |c J.A. McGeough. 
260 |a London ;  |a New York :  |b Chapman and Hall,  |c 1988. 
300 |a xvii, 247 p. :  |b ill. ;  |c 24 cm. 
504 |a Includes bibliographies and indexes. 
650 0 |a Machining. 
852 8 |b CARM  |h A3:AD27F0  |i C11867  |p 0527419  |f BK 
999 f f |i d02d5b2a-84b6-568a-a354-30661a9d8063  |s 8ab248a3-e8c0-5244-88e7-b60093b02228 
952 f f |p Can circulate  |a CAVAL  |b CAVAL  |c CAVAL  |d CARM 1 Store  |e C11867  |f A3:AD27F0  |h Other scheme  |i book  |m 0527419